=LDR 00000nam 2200000 4500 =001 INLIS000000000053427 =990 ##$$a 02201808009 =005 20181018111458 =035 ##$$a 0010-1018000042 =245 1#$$a Akutansi untuk non-akuntan /$c Golrida Karyawati P. =100 #$$a Golrida Karyawati P. =250 ##$$a Ed. 1 =300 ##$$a 120 hlm : $b Ilus ; $c 15x23 cm =260 ##$$a Jakarta :$b PT. Gramedia,$c 2013 =082 ##$$a 658.1511 =084 ##$$a 658.1511 GOL a =020 ##$$a 978-979-22-9613-6 =650 ##$$a Akutansi manajemen